Patagonia express (Record no. 4688)

MARC details
000 -CABECERA
campo de control de longitud fija 02934nam a22002537a 4500
008 - DATOS DE LONGITUD FIJA--INFORMACIÓN GENERAL
campo de control de longitud fija 250521b |||||||| |||| 00| 0 eng d
020 ## - NÚMERO INTERNACIONAL ESTÁNDAR DEL LIBRO
Número Internacional Estándar del Libro 9791035821845
040 ## - FUENTE DE LA CATALOGACIÓN
Centro/agencia transcriptor tbs
041 ## - CÓDIGO DE LENGUA
Código de lengua del texto/banda sonora o título independiente spa
-- fre
050 ## - SIGNATURA TOPOGRÁFICA DE LA BIBLIOTECA DEL CONGRESO
Número de clasificación PQ8098.29
Número de documento/Ítem .E68P38 1995
100 ## - ENTRADA PRINCIPAL--NOMBRE DE PERSONA
Nombre de persona Sepúlveda, Luis
Fechas asociadas al nombre 1949-
9 (RLIN) 25280
Término indicativo de función/relación author
245 ## - MENCIÓN DE TÍTULO
Título Patagonia express
Mención de responsabilidad, etc. / Luis Sepúlveda.
260 ## - PUBLICACIÓN, DISTRIBUCIÓN, ETC.
Lugar de publicación, distribución, etc. Paris :
Nombre del editor, distribuidor, etc. Belin Éducation,
Fecha de publicación, distribución, etc. 2022.
300 ## - DESCRIPCIÓN FÍSICA
Extensión 255 pages ;
Dimensiones 19 cm.
490 ## - MENCIÓN DE SERIE
Mención de serie No tan clásicos
505 ## - NOTA DE CONTENIDO CON FORMATO
Nota de contenido con formato Marginal vocabulary notes (in French and Spanish) — B1-B2 Level — A comprehensive file to understand the work, its characters, major themes, and its context — Quizzes to memorize the essentials in a playful manner — Activities to improve in English, thanks to the text of an exceptional author — Contains exercises in the form of quizzes. The work is accompanied by a downloadable pedagogical guide at belin-education.com.<br/><br/>
505 ## - NOTA DE CONTENIDO CON FORMATO
Nota de contenido con formato Notes de vocabulaire en marge (en français et en espagnol) — Niveau B1-B2 — Un dossier complet pour comprendre l’œuvre, ses personnages, ses thèmes majeurs et son contexte — Des quiz pour mémoriser l’essentiel de manière ludique — Des activités pour progresser en anglais grâce au texte d’un auteur exceptionnel — Contient des exercices sous forme de quiz. L’œuvre est accompagnée d’un guide pédagogique téléchargeable sur belin-education.com.
505 ## - NOTA DE CONTENIDO CON FORMATO
Nota de contenido con formato Notas de vocabulario en los márgenes (en francés y en español) — Nivel B1-B2 — Un dossier completo para entender la obra, sus personajes, sus grandes temas y su contexto — Cuestionarios para recordar lo esencial de forma amena — Actividades para mejorar tu inglés a través del texto de un autor excepcional — Incluye ejercicios en formato de cuestionario. La obra viene acompañada de una guía pedagógica descargable en belin-education.com.
520 ## - SUMARIO, ETC.
Sumario, etc. From Patagonia to the Andalusian village of his anarchist grandfather, the author recounts his journey in search of his roots. His story will take you through breathtaking landscapes and introduce you to unforgettable characters. Through their stories, discover an extreme, wild, and moving world.
520 ## - SUMARIO, ETC.
Sumario, etc. De la Patagonie jusqu’au village andalou de son grand-père anarchiste, l’auteur raconte son périple à la recherche de ses origines. Son récit vous mènera dans des paysages à couper le souffle, à la rencontre de personnages inoubliables. Découvrez à travers leurs histoires un monde extrême, sauvage et émouvant.
520 ## - SUMARIO, ETC.
Sumario, etc. Desde la Patagonia hasta el pueblo andaluz de su abuelo anarquista, el autor relata su viaje en busca de sus orígenes. Su historia te llevará por paisajes impresionantes y te presentará personajes inolvidables. A través de sus relatos, descubrirás un mundo extremo, salvaje y conmovedor.
651 #0 - PUNTO DE ACCESO ADICIONAL DE MATERIA--NOMBRE GEOGRÁFICO
Nombre geográfico Patagonia (Argentina and Chile)
Subdivisión general Description and travel
9 (RLIN) 25281
942 ## - ELEMENTOS DE ENTRADA AGREGADA (KOHA)
Fuente del sistema de clasificación o colocación Clasificación de Library of Congress
Holdings
Estado de retiro Estado de pérdida Fuente del sistema de clasificación o colocación Estado dañado No para préstamo Biblioteca de origen Biblioteca actual Fecha de adquisición Total de préstamos Signatura topográfica completa Código de barras Fecha visto por última vez Número de copia Precio válido a partir de Tipo de ítem Koha
    Clasificación de Library of Congress     TBS Barcelona TBS Barcelona 21/05/2025   READER-SP SEP B05722 21/05/2025 1 21/05/2025 Teach Yourself Spanish

Powered by Koha